Modelling and simulation: (Record no. 1410)
| 000 -LEADER | |
|---|---|
| fixed length control field | 00681nam a22002177a 4500 |
| 003 - CONTROL NUMBER IDENTIFIER | |
| control field | OSt |
| 005 - DATE AND TIME OF LATEST TRANSACTION | |
| control field | 20141014123940.0 |
| 008 - FIXED-LENGTH DATA ELEMENTS--GENERAL INFORMATION | |
| fixed length control field | 141014b xxu||||| |||| 00| 0 eng d |
| 020 ## - INTERNATIONAL STANDARD BOOK NUMBER | |
| International Standard Book Number | 9781447127826 |
| 050 ## - LIBRARY OF CONGRESS CALL NUMBER | |
| Classification number | QA76.9.C65 B53 2007 |
| 100 ## - MAIN ENTRY--PERSONAL NAME | |
| Personal name | Birta, Louis G. |
| 245 ## - TITLE STATEMENT | |
| Title | Modelling and simulation: |
| Remainder of title | exploring dynamic system behaviour |
| Statement of responsibility, etc | Louis G. Birta and Gilbert Arbez |
| 250 ## - EDITION STATEMENT | |
| Edition statement | 2nd ed. |
| 260 ## - PUBLICATION, DISTRIBUTION, ETC. (IMPRINT) | |
| Place of publication, distribution, etc | London |
| Name of publisher, distributor, etc | Springer. |
| Date of publication, distribution, etc | 2013 |
| 300 ## - PHYSICAL DESCRIPTION | |
| Extent | xvii, 454 p. |
| Other physical details | ill. |
| Dimensions | 25 cm. |
| 505 ## - FORMATTED CONTENTS NOTE | |
| Formatted contents note | http://www.loc.gov/catdir/enhancements/fy0824/2007922719-t.html |
| 650 ## - SUBJECT ADDED ENTRY--TOPICAL TERM | |
| Topical term or geographic name as entry element | Computer simulation. |
| 650 ## - SUBJECT ADDED ENTRY--TOPICAL TERM | |
| Topical term or geographic name as entry element | Discrete-time systems. |
| 700 ## - ADDED ENTRY--PERSONAL NAME | |
| Personal name | Arbez, Gilbert. |
| 942 ## - ADDED ENTRY ELEMENTS (KOHA) | |
| Source of classification or shelving scheme | |
| Koha item type | Book |
| Withdrawn status | Lost status | Source of classification or shelving scheme | Damaged status | Not for loan | Home library | Current library | Shelving location | Date acquired | Total Checkouts | Full call number | Barcode | Date last seen | Copy number | Price effective from | Koha item type | Date checked out |
|---|---|---|---|---|---|---|---|---|---|---|---|---|---|---|---|---|
| Riara University Library | Riara University Library | General stack | 14/10/2014 | QA76.9.C65 B53 2007 | 5007/14 | 14/10/2014 | C.1 | 14/10/2014 | Book | |||||||
| Riara University Library | Riara University Library | General stack | 14/10/2014 | QA76.9.C65 B53 2007 | 5008/14 | 14/10/2014 | C.2 | 14/10/2014 | Book | |||||||
| Riara University Library | Riara University Library | General stack | 14/10/2014 | QA76.9.C65 B53 2007 | 5009/14 | 14/10/2014 | C.3 | 14/10/2014 | Book | |||||||
| Riara University Library | Riara University Library | General stack | 04/07/2016 | 1 | QA76.9.B53 2007 | 7507/16 | 21/10/2016 | C.4 | 04/07/2016 | Book | 07/10/2016 | |||||
| Riara University Library | Riara University Library | General stack | 04/07/2016 | 1 | QA76.9.B53 2007 | 7530/16 | 13/09/2016 | C.5 | 04/07/2016 | Book | 18/08/2016 |
